Century 21: Your life in a year 2001 and beyond

Guardado en:
Detalles Bibliográficos
Autor principal: D S Halacy
Formato: Libro
Lenguaje:Undetermined
Publicado: Philadelphia Macrae Smith 1968
Materias:
Etiquetas: Agregar Etiqueta
Sin Etiquetas, Sea el primero en etiquetar este registro!
Thư viện lưu trữ: Trung tâm Học liệu Trường Đại học Cần Thơ
LEADER 00524nam a2200181Ia 4500
001 CTU_10414
008 210402s9999 xx 000 0 und d
082 |a 917.3 
082 |b H157 
100 |a D S Halacy 
245 0 |a Century 21: Your life in a year 2001 and beyond 
245 0 |c D S Halacy 
260 |a Philadelphia 
260 |b Macrae Smith 
260 |c 1968 
650 |a america - description and travel 
904 |i Nguyễn Quang Điền, 961009 
980 |a Trung tâm Học liệu Trường Đại học Cần Thơ